Small talk

Collins Small Talk gives you the confidence to start a conversation and transition into bigger conversation topics so that you are able to build relationships, develop business partnerships and be successful in business.

Na minha lista:
Detalhes bibliográficos
Autor principal: Capras, Deborah
Formato: Livro
Idioma:Undetermined
Publicado em: Thành phố Hồ Chí Minh Tổng hợp 2014
Assuntos:
Tags: Adicionar Tag
Sem tags, seja o primeiro a adicionar uma tag!
Thư viện lưu trữ: Trung tâm Học liệu Trường Đại học Cần Thơ
LEADER 00825nam a2200217Ia 4500
001 CTU_202510
008 210402s9999 xx 000 0 und d
020 |c 158000 
082 |a 428.2402465 
082 |b C251 
100 |a Capras, Deborah 
245 0 |a Small talk 
245 0 |c Deborah Capras 
260 |a Thành phố Hồ Chí Minh 
260 |b Tổng hợp 
260 |c 2014 
520 |a Collins Small Talk gives you the confidence to start a conversation and transition into bigger conversation topics so that you are able to build relationships, develop business partnerships and be successful in business. 
650 |a English language,Tiếng Anh 
650 |x Business English,Tiếng Anh thương mại 
904 |i Tuyến 
980 |a Trung tâm Học liệu Trường Đại học Cần Thơ